| 000 | 00720nam a22002057a 4500 | ||
|---|---|---|---|
| 999 |
_c13456 _d13456 |
||
| 003 | AR-CdUCM | ||
| 008 | 190415b ||||| |||| 00| 0 spa d | ||
| 040 |
_aMUNICIPALIDAD PROVINCIAL DEL CUSCO _cBIBLIOTECA MUNICIPAL DEL CUSCO |
||
| 082 |
_22ed. _a348.41 / _bR92 / 1970 |
||
| 100 |
_aRueda Sánchez, Gregorio, _931882 |
||
| 245 | _aNueva legislación sobre reforma agraria : D.L. nº 17716, texto único concordado / | ||
| 260 |
_aLima : _bEdi. el Perú y sus leyes, _c1970. |
||
| 300 |
_a64 paginas ; _c21 cm. |
||
| 505 | _aContenido : t.1 : Ley de Reforma Agraria | ||
| 650 |
_aReforma agraria _91861 |
||
| 650 |
_aLegislación _92962 |
||
| 650 |
_aPerú _935 |
||
| 942 |
_2ddc _cLIBROS |
||
| 945 |
_awnts _d2019-04-15 |
||